Rückblick 2022 - Länder zuordnen (Amerika) - Statistiken

Allgemein
  • Dieses Quiz wurde 59 mal gespielt
  • Das Durchschnittsergebnis liegt bei 5 aus 15
Antwortstatistiken
Hint Antwort % Korrekt
Dieses Land wird Fußball-Weltmeister. Argentinien
88%
Lula da Silva wird zum Präsidenten gewählt. Brasilien
67%
Bei den Midterm-Wahlen erhalten die Demokraten 51 von 100 Sitzen im Senat. Vereinigte Staaten
67%
Ein Konvoi von Truckern reist durch das Land, um gegen die Corona-Maßnahmen zu protestieren. Kanada
42%
Der ehemalige Guerilla-Kämpfer Gustavo Petro wird der erste linke Präsident des Landes. Kolumbien
33%
Terrance Drew wird Premierminister. St. Kitts & Nevis
29%
Hurrikan Ian tötet 5 Menschen und richtet etwa 200 Mio. US-Dollar Schaden an. Kuba
23%
Bei einem Fußballspiel wird der Schiedsrichter Jose Arnoldo Amaya durch den tätlichen Angriff eines Spielers getötet. El Salvador
21%
Hurrikan Fiona ist in diesem Land der erste Hurrikan seit 18 Jahren, der auf Land trifft. Dominikanische Republik
19%
Das einzige Land in Südamerika, das nicht von dem Affenpocken-Ausbruch betroffen ist. Suriname
19%
Gabriel Boric wird mit 36 Jahren zum jüngsten Präsidenten des Landes gewählt. Chile
15%
Bei Protesten gegen Präsident Guillermo Lasso sterben 5 Prostetierende. Ecuador
15%
Dickon Mitchell löst Keith Claudius Mitchell als Premierminister ab. Grenada
10%
Präsident Pedro Castillo wird abgesetzt, nachdem er versucht hat, den Kongress aufzulösen. Peru
8%
Hurrikan Lisa zieht über die größte Stadt des Landes und sorgt mit Überschwemmungen für große Schäden. Belize
6%
Keine übereinstimmenden Quizze gefunden
Verteilung der Resultate
Anzahl Personen mit jedem Resultat
Perzentil nach korrekt beantworteten Fragen
Ihre Resultats-Entwicklung
Sie haben dieses Quiz noch nicht gespielt